Sporcle Ladders Quiz Stats

 Plays Quiz Updated Jan 22, 2021

Support Sporcle.
Go Orange.
Score 0/112 Timer 12:00
0 Plays Today
% Correct
PANT
91.2%
PINT
90.3%
PART
89.9%
FOOT
89.7%
BALE
88.6%
DUCK
87.7%
FART
86.4%
GOLD
85.9%
MALL
85.8%
BILE
85.5%
FORT
85.2%
PILE
85%
FOOD
84.9%
BALL
84.8%
BARN
84.8%
GOOD
84.8%
BOND
84.6%
COOK
83.6%
POLE
83.3%
ROLE
83%
DOCK
82.9%
BARE
82.8%
BOLD
82.6%
PINE
82.5%
FILE
82%
BURN
82%
BART
80.7%
MART
80.1%
PORT
79.9%
READ
79.5%
COCK
79.5%
PORE
78.9%
TENT
78.8%
MALT
78.7%
BAND
78.4%
RARE
78.4%
TORE
78.3%
BEND
78.1%
% Correct
DICE
77.9%
COOP
77.2%
TURN
77%
FINE
76.9%
WARD
75.3%
TINT
75.3%
MUTE
75.1%
CARD
74.8%
SOUP
74.4%
COUP
74.1%
TINE
74.1%
POST
73.9%
PAST
73.4%
WORD
73.1%
RAGE
73.1%
BANE
71.7%
REND
71.1%
LAND
71%
BURT
70.8%
CORD
70.4%
FORD
70.3%
LONE
69.9%
LISA
69.9%
FILL
69.8%
WEEK
69.7%
LEAD
69.1%
TEST
68.6%
LONG
68.6%
ROLL
68.3%
WEAK
68.2%
YEAR
67.9%
MOLE
67.1%
SONG
66.8%
WEAR
66.6%
TOME
66.6%
CATE
66.1%
PAGE
65.5%
LUTE
65%
% Correct
SING
65%
TIME
64.8%
LEEK
64.5%
LOVE
64.2%
LEAK
64.2%
HATS
64.2%
HATE
64%
MORE
64%
CATS
63.4%
LUKE
63.3%
LINE
63.1%
MIST
61.6%
COVE
61.3%
MUST
60.9%
JUST
60.5%
MOLL
60.2%
LEAP
59.5%
BUST
59.4%
GAME
58.9%
JEST
58.5%
LIST
58.4%
LAST
57.9%
SAME
57.8%
SAKE
56.8%
COTE
53.9%
DIRE
52.1%
MOTH
50.2%
MIRE
50%
MOTE
49.2%
ROTH
44%
RUTH
42.1%
MINE
41.9%
MING
39%
CAKE
33.6%
CAST
32%
CASE
28.3%

You're not logged in!

Compare scores with friends on all Sporcle quizzes.
OR
Log In

From the Vault

Movie Franchise Character Sorting IX

by WalshyMusic

Crossover franchises start getting confusing, though.
Remove Ads.
Support Sporcle.
Get the best of Sporcle when you Go Orange. This ad-free experience offers more features, more stats, and more fun while also helping to support Sporcle. Thank you for becoming a member.

Show Comments

Extras

Top Quizzes Today


Score Distribution

Your Account Isn't Verified!

In order to create a playlist on Sporcle, you need to verify the email address you used during registration. Go to your Sporcle Settings to finish the process.

Report this User

Report this user for behavior that violates our Community Guidelines.

Details: